UBT Library

Preparing tomorrow's business leaders today. (Record no. 41798)

000 -LEADER
fixed length control field 00553cam a22002171 4500
001 - CONTROL NUMBER
control field 4070812
005 - DATE AND TIME OF LATEST TRANSACTION
control field 20180205075831.0
008 - FIXED-LENGTH DATA ELEMENTS--GENERAL INFORMATION
fixed length control field 690303s1969 nju b 100 0 eng
010 ## - LIBRARY OF CONGRESS CONTROL NUMBER
LC control number 69015233
040 ## - CATALOGING SOURCE
Original cataloging agency DLC
Transcribing agency DLC
Modifying agency DLC
041 ## - LANGUAGE CODE
Language code of text/sound track or separate title eng
080 ## - UNIVERSAL DECIMAL CLASSIFICATION NUMBER
Universal Decimal Classification number 658
082 00 - DEWEY DECIMAL CLASSIFICATION NUMBER
Classification number 658 DRU
100 ## - Rafti
Rafti 54
101 ## - Shkurtesa
Shkurtesa LID
245 00 - TITLE STATEMENT
Title Preparing tomorrow's business leaders today.
Statement of responsibility, etc Peter F. Drucker, editor.
350 ## - PRICE (NR) (BK AM CF MU VM SE) [OBSOLETE]
Price 10.00
504 ## - BIBLIOGRAPHY, ETC. NOTE
Bibliography, etc Bibliographical footnotes.
906 ## - LOCAL DATA ELEMENT F, LDF (RLIN)
a 7
b cbc
c orignew
d u
e ncip
f 19
g y-gencatlg
942 ## - ADDED ENTRY ELEMENTS (KOHA)
Source of classification or shelving scheme
Item type Books

No items available.

UBT Library © 2015-2024. All rights reserved University Education for Business and Technology